zpět

Detail výsledku týmu

Bowling Stone, Vrbno pod Pradědem

Datum a čas kvízu

33.5 Celkem bodů Celkový počet nahraných bodů na tomto kvízu bez doplňovacích otázek.
3. Pořadí na kvízu Konečné umístění týmu na tomto kvízu.

Zaznamenané odpovědi

# Otázka Odpověď Body Výsledky
1. Minulý týden vydalo české vývo... Kingdom Come (Deliverance II) 1
2. Český řidič kamionu v pondělí... B) do běžkařské stopy 1
3. Britská kapela, která byla zal... Black Sabbath 0
4. Vláda jednoho jihoevropského s... o Chorvatsku 0
5. Která tenistka v pondělí na so... Petra Kvitová 1
6. Kterým podstatným jménem se oz... bakteriofágy/fágy 1
7. Který zvířecí přívlastek získa... prasečí 0
8. Přiřaďte viry k onemocněním, k... 1C 2D 3A 4B 0
9. Viry mají svou genetickou info... U (uracil) 1
10. Pandemie smrtících virů jsou v... Inferno 1